| 000 | 01752cam a22003614a 4500 | ||
|---|---|---|---|
| 001 | 12001434 | ||
| 005 | 20030903113107.0 | ||
| 008 | 000509s2001 nju | b 001 0 eng d | ||
| 010 | _a 00034681 | ||
| 020 | _a0691050910 (pbk. : alk. paper) | ||
| 020 | _a9780691050911 | ||
| 040 |
_aDLC _cDLC _dDLC |
||
| 042 | _apcc | ||
| 050 | 0 | 0 |
_aD363 _b.I46 2001 |
| 082 | 0 | 0 |
_221 _a327.1 _bIKE |
| 100 | 1 |
_aIkenberry, G. John. _913949 |
|
| 245 | 1 | 0 |
_aAfter Victory : _bInstitutions, Strategic Restraint, and the Rebuilding of Order after Major Wars / _cG. John Ikenberry. |
| 260 |
_aPrinceton : _bPrinceton University Press, _cc2001. |
||
| 300 |
_axiii, 293 p. ; _c24 cm. _bill.; |
||
| 490 | 0 |
_aPrinceton studies in international history and politics _913956 |
|
| 504 | _aIncludes bibliographical references and index. | ||
| 650 | 0 |
_aWorld politics. _913951 |
|
| 650 | 0 |
_aMilitary history, Modern _y19th century. _913952 |
|
| 650 | 0 |
_aMilitary history, Modern _y20th century. _913953 |
|
| 650 | 0 |
_aPeace. _913954 |
|
| 650 | 0 |
_aSecurity, International. _913955 |
|
| 856 | 4 | 1 |
_3Sample text _uhttp://www.loc.gov/catdir/samples/prin031/00034681.html |
| 856 | 4 | 1 |
_3Table of contents _uhttp://www.loc.gov/catdir/toc/prin031/00034681.html |
| 856 | 4 | 2 |
_3Publisher description _uhttp://www.loc.gov/catdir/description/prin022/00034681.html |
| 942 |
_2ddc _cBB |
||
| 999 |
_c13981 _d13981 |
||